Frontiers in Drug Design and Discovery(Vol-2) (Record no. 24763)
[ view plain ]
| 000 -LEADER | |
|---|---|
| fixed length control field | 00321nam a22000977a 4500 |
| 008 - FIXED-LENGTH DATA ELEMENTS--GENERAL INFORMATION | |
| fixed length control field | 150327b xxu||||| |||| 00| 0 eng d |
| 020 ## - INTERNATIONAL STANDARD BOOK NUMBER | |
| International Standard Book Number | 978-1-60805-670-5 |
| Terms of availability | Available |
| 082 ## - DEWEY DECIMAL CLASSIFICATION NUMBER | |
| Classification number | 615.107822REH |
| Author Mark | 002835 |
| 245 ## - TITLE STATEMENT | |
| Title | Frontiers in Drug Design and Discovery(Vol-2) |
| Statement of responsibility, etc. | Rahman-Atta -Ur |
| 260 ## - PUBLICATION, DISTRIBUTION, ETC. | |
| Place of publication, distribution, etc. | USA |
| Name of publisher, distributor, etc. | Bentham Science Publisher |
| Date of publication, distribution, etc. | 2014 |
| Withdrawn status | Lost status | Source of classification or shelving scheme | Damaged status | Not for loan | Permanent Location | Current Location | Shelving location | Date acquired | Total Checkouts | Full call number | Barcode | Date last seen | Price effective from | Koha item type |
|---|---|---|---|---|---|---|---|---|---|---|---|---|---|---|
| Central Library (CL) | Central Library (CL) | 03/27/2015 | 615.107822REH | RCMS002835 | 03/27/2015 | 03/27/2015 | Book |
